000 00690nam a2200205 4500
001 23644
005 20230410105555.0
008 060907n2004 dr spa
020 _a0881323764
035 _9funglode23812
041 _aEN
050 1 4 _aHD 9016 R813r 2004
100 _aRosen, Daniel H.
245 1 _aRoots of competitiveness :
_bChina's evolving agriculture interests /
_cDaniel H. Rosen, Scott Rozelle, Jikun Huang
260 _aWashington :
_b Institute for International Economics,
_c2004
300 _axi, 79 p.
440 _aPolicy Analyses in International Economics ;
_v72
700 _aRozelle, Scott \ Huang, Jikun
942 _2lcc
_cbk
999 _c39495
_d39495